Mind the gap (Record no. 110104)

MARC details
000 -LEADER
fixed length control field 01415cad a22002415a 4500
001 - CONTROL NUMBER
control field L148563
008 - FIXED-LENGTH DATA ELEMENTS--GENERAL INFORMATION
fixed length control field 091005s2009 xxkd f s 000 0 eng d
035 ## - SYSTEM CONTROL NUMBER
System control number (Sirsi) u148563
041 0# - LANGUAGE CODE
Language code of text/sound track or separate title eng
050 04 - LIBRARY OF CONGRESS CALL NUMBER
Classification number 306.1 $2 18
100 1# - MAIN ENTRY--PERSONAL NAME
Personal name Pretty, David
245 00 - TITLE STATEMENT
Title Mind the gap
Remainder of title housing supply in a cold climate
Medium [electronic resource]
260 ## - PUBLICATION, DISTRIBUTION, ETC.
Place of publication, distribution, etc. London
Name of publisher, distributor, etc. Town and Country Planning Association
Date of publication, distribution, etc. 2009
505 2# - FORMATTED CONTENTS NOTE
Formatted contents note Foreword -- Executive summary -- Introduction -- Rising demand -- Falling supply -- Counting the cost -- First-time buyers -- Higher house prices -- Housebuilders -- Housing associations -- Council housing -- Infrastructure -- Land supply -- Planning -- Impact of regulation -- Private rented sector -- Conclusion
520 ## - SUMMARY, ETC.
Summary, etc. Assesses the impact of the housing crisis in England. Provides recommendations on what can be done to increase housing supply in England, including keeping public intervention and investment at the same level, encouraging mortgage availability, releasing more land for home supply, particularly in areas in strong need of new homes.
521 ## - TARGET AUDIENCE NOTE
Target audience note Advanced
590 ## - LOCAL NOTE (RLIN)
Local note KA NTK
651 #4 - SUBJECT ADDED ENTRY--GEOGRAPHIC NAME
Geographic name England
Chronological subdivision 886-
690 ## - LOCAL SUBJECT ADDED ENTRY--TOPICAL TERM (OCLC, RLIN)
Topical term or geographic name as entry element PROPERTY-RESIDENTIAL PROPERTY-DOMESTIC RESIDENTIAL PROPERTY-HOUSING
700 1# - ADDED ENTRY--PERSONAL NAME
Personal name Hackett, Paul
856 40 - ELECTRONIC LOCATION AND ACCESS
Uniform Resource Identifier <a href="https://www.smith-institute.org.uk/publications.htm">https://www.smith-institute.org.uk/publications.htm</a>
Public note View the paper free of charge at www.smith-institute.org.uk...
942 ## - ADDED ENTRY ELEMENTS (KOHA)
Suppress in OPAC 0
Holdings
Withdrawn status Lost status Source of classification or shelving scheme Damaged status Not for loan Home library Current library Shelving location Date acquired Total Checkouts Full call number Barcode Date last seen Copy number Price effective from Koha item type
    Dewey Decimal Classification     Virtual Virtual Online 05/10/2009   ONLINE PUBLICATION 148563-1001 06/08/2019 1 06/08/2019 Book